A carregar...
Oruthi /
| Autor principal: | |
|---|---|
| Formato: | Printed Book |
| Idioma: | Malayalam |
| Publicado em: |
Palakad :
Logos Books,
2016
|
| Assuntos: |
| LEADER | 00562 a2200169 4500 | ||
|---|---|---|---|
| 008 | 180122b xxu||||| |||| 00| 0 mal d | ||
| 999 | |c 115123 |d 115123 | ||
| 020 | |a 9789385064746 | ||
| 082 | |a 855.797 ORU | ||
| 100 | |a Myna Umaiban | ||
| 245 | |a Oruthi / |c Myna Umaiban | ||
| 260 | |b Logos Books, |c 2016 |a Palakad : | ||
| 300 | |a 61p. ; |c 21cm. | ||
| 546 | |a Malayalam | ||
| 650 | |a Short stories, Malayalam | ||
| 942 | |2 ddc |c BK | ||
| 952 | |0 0 |1 0 |4 0 |6 855_797000000000000_ORU |7 0 |9 122676 |a UL |b UL |c ST1 |d 2017-04-28 |e 176 |g 40.80 |l 7 |o 855.797 ORU |p 97430 |r 2021-11-03 |s 2021-10-04 |v 60.00 |y BK | ||